| 000 | 00834nam a2200229 a 4500 | ||
|---|---|---|---|
| 001 | 127 | ||
| 003 | CDMR | ||
| 005 | 20131129100354.0 | ||
| 008 | 130130s1990||||||||||||||||||||||||||||d | ||
| 020 | _a8439313799 | ||
| 040 |
_aCDMR _bcat _cCPC GIRONA |
||
| 100 | 1 |
_aMateo, Rosario de _9104 |
|
| 245 | 1 | 4 |
_aEls ajuts de l'estat a la premsa a l'Europa Occidental _b: anàlisi comparada de les polítiques de 17 països _cRosario de Mateo ; pròleg Pedro Crespo de Lara |
| 260 |
_c1990 _bGeneralitat de Catalunya. Centre d'Investigació de la Comunicació _aBarcelona |
||
| 300 | _a199 p. | ||
| 490 | 0 |
_aEstudis i recerques _v4 |
|
| 650 | 0 | 4 |
_94093 _aPremsa _zEuropa |
| 650 | 0 | 4 |
_94408 _aEuropa _xPolítica de la comunicació |
| 650 | 0 | 4 |
_94415 _aPremsa _xSubvencions |
| 710 | 2 |
_9304 _aCentre d'Investigació de la Comunicació |
|
| 942 |
_cMON _2udc |
||
| 999 |
_c127 _d127 |
||